000 00469nam a22001812 4500
001 0000005531
005 20151217160106.0
008 070615s xx 000 0 eng d
040 _aKABU
_cKABU
050 0 _aPZ7
_b.K3L56
100 1 _aKasonde, Christine.
_@0000156804
245 1 4 _aThe Lion and the mouse.
260 _aNairobi :
_bEAEP,
_c1995.
300 _a10 p.
908 _a070615
950 _@1
999 _c14099
_d14099